Curso programado de anatomía y fisiología : sentidos especiales /

Guardado en:
Autor Principal: Brady, Robert J.
Formato: Libro
Publicado: Mexico : Limusa, 1978
Materias:
Etiquetas: Agregar Etiqueta
Sin Etiquetas, Sea el primero en etiquetar este registro!
LEADER 00724nam a22002175a 4500
001 CEM.cems001196
008 130507s1978##################000#0#####d
005 20240508113243.0
245 1 0 |a Curso programado de anatomía y fisiología :  |b sentidos especiales /  |c Robert J. Brady 
260 |a Mexico :  |b Limusa,  |c 1978 
300 |a 72 p. 
505 0 |a Los sentidos.-La reproduccion.-El futuro 
100 1 |a Brady, Robert J. 
082 0 4 |a 611.81 
653 |a Anatomia 
653 |a Fisiologia-audicion 
653 |a Fisiologia-gusto 
653 |a Fisiologia-olfato 
653 |a Hombre-sentidos 
859 |a CEMS  |b BIB. CEMS - Agricultura  |h 611.81  |i B726  |p A7657.80  |t Ej.1 
859 |a CEMS  |b BIB. CEMS - 11 de abril  |h 611.81  |i B726  |p 11727.83  |t Ej.2